000 01047nam a2200217 a 4500
001 71441
003 BD-RjUL
005 20211209082119.0
008 170503s1981 ii ||||| |||| 00| 0 ben d
035 _a(BD-RjUL)71657
040 _aBD-RjUL
_bben
_cBD-RjUL
_dBD-RjUL
041 _aben
082 _223
_a891.4409
_bBHB 1981
100 1 0 _aভট্টাচার্য, বুদ্ধদেব
_9211372
245 1 0 _aবঙ্গসাহিত্যে বিজ্ঞান :
_bবাংলা ভাষা ও সাহিত্যে বিজ্ঞান চর্চার ইতিহাস /
_cবুদ্ধদেব ভট্টাচার্য
260 _aকলিকাতা :
_bপশ্চিমবঙ্গ রাজ্য পুস্তক পর্ষদ,
_c১৯৮১
300 _a৫০৬ পৃ. ;
_c২২ সেমি.
650 _aবাংলা সাহিত্য
_xইতিহাস ও সমালোচনা
_9211373
650 _aBengali literature
_xhistory and criticism
_9211374
942 _2ddc
_cBK
999 _c71441
_d71441